• 首页
  • 本馆介绍
  • 公告通知
  • 最新文献
  • 馆藏检索
  • 电子资源
  • 读者导购
  • 参考咨询
  • 我的图书馆
  • 登录
  • 详细信息显示
  • 放入我的书架
  • 预约/预借图书
  • 作者相关作品
  • 分类相关作品
  • 丛书相关作品
  • 出版社相关作品

书目信息

  • 表格格式
  • 工作单格式
  • 卡片格式
题名:
新日本语能力测试50天逐级突破
    
 
作者: 赵英英 编著
分册:   N5、N4、N3阅读天天做
出版信息: 大连   大连理工大学出版社  2012
页数: 329页
开本: 26cm
丛书名:
单 册:
中图分类: H360.41 , H369.4
科图分类:
主题词: 日语--水平考试--自学参考资料 , 日语--阅读教学--水平考试--自学参考资料
电子资源:
ISBN: 978-7-5611-6878-3
000 00961nam0 2200265 450
001 0102402068
005 20120920153058.0
010    @a978-7-5611-6878-3@dCNY35.00
100    @a20120710d2012 em y0chiy0120 ea
101 0  @achi@ajpn
102    @aCN@b210000
105    @ay z 000yy
106    @ar
200 1  @a新日本语能力测试50天逐级突破@9Xin Ri Ben Yu Neng Li Ce Shi 5 0 Tian Zhu Ji Tu Po @iN5、N4、N3阅读天天做@f赵英英编著@b专著
210    @a大连@c大连理工大学出版社@d2012
215    @a329页@d26cm
300    @aUSjp优势日本语
330    @a本书共分50天,内容丰富,包含的阅读信息量大,分阶段逐级突破,配有详细解析,每个阶段结束的时候还配有模拟题,供考生进行模拟实践,检验学习成果。
606 0  @a日语@x水平考试@j自学参考资料
606 0  @a日语@x阅读教学@x水平考试@j自学参考资料
690    @aH360.41@v5
690    @aH369.4@v5
701  0 @a赵英英@c(日语)@4编著@9zhao ying ying
801  0 @aCN@bAZmarc@c20230903
905    @aBZT@dH360@e17@f1@sH360/17
    
    新日本语能力测试50天逐级突破.N5、N4、N3阅读天天做/赵英英编著.-大连:大连理工大学出版社,2012
    329页;26cm
    USjp优势日本语
    
    ISBN 978-7-5611-6878-3:CNY35.00
    本书共分50天,内容丰富,包含的阅读信息量大,分阶段逐级突破,配有详细解析,每个阶段结束的时候还配有模拟题,供考生进行模拟实践,检验学习成果。
●
相关链接 在五车中查询图书 在当当中查询图书 在豆瓣中查询图书


正题名:新日本语能力测试50天逐级突破     索取号:H360/17         预约/预借

序号 登录号 条形码 馆藏地/架位号 状态 备注
1 2000012719   2000012719   旧书回溯/ [索取号:H360/17] 在馆    
山东省滨州职业学院图书馆 欢迎您!
大连网信软件有限公司© 版权所有